000 00666nam a2200229Ia 4500
003 GCL
008 140319s9999 xx 000 0 ara d
040 _aGCL /
_cGCL
082 0 4 _a814.008
_bا ع
100 1 _aانيس منصور
245 1 0 _aعاشوا فى حياتى /
_cانيس منصور
250 _aالاولى
260 _aالقاهرة :
_bالمكتب المصرى الحديث ،
_c2000
300 _a700 ص ؛
_c24 سم
490 _a
650 0 4 _aالادب العربى
650 0 4 _aالمقالات العربية
650 0 4 _aالتراجم
650 0 4 _aانيس منصور
650 0 4 _aالمجموعات
942 _2ddc
_cBK
999 _c34365
_d34365